| 000 | 00326nam a22001217a 4500 | ||
|---|---|---|---|
| 020 | _a9788132205111 | ||
| 082 |
_a665.776 _bDEM/BI |
||
| 100 |
_aDemirbas Ayhan _9263 |
||
| 245 | _aBiodiesel A Realistic Fuel Alternative for Diesel Engines | ||
| 260 |
_aDelhi _bSpringer International Edition _c2008 |
||
| 300 | _a208 | ||
| 942 | _cBK | ||
| 999 |
_c14202 _d14202 |
||